No grupo: (Record no. 1574)

MARC details
000 -LEADER
campo de control de longitud fija 01135nam a2200145 4500
008 - DATOS DE LONGITUD FIJA--INFORMACIÓN GENERAL
campo de control de longitud fija 708 H493n
020 ## - NÚMERO INTERNACIONAL ESTÁNDAR DEL LIBRO
Número Internacional Estándar del Libro 9786076050422
082 ## - NÚMERO DE LA CLASIFICACIÓN DECIMAL DEWEY
Número de clasificación 708
Número de ítem H493n
100 ## - ENTRADA PRINCIPAL--NOMBRE DE PERSONA
Nombre de persona Henaro, Sol
9 (RLIN) 6575
245 ## - MENCIÓN DEL TÍTULO
Título No grupo:
Resto del título un zangoloteo al corsé artístico
260 ## - PUBLICACIÓN, DISTRIBUCIÓN, ETC.
Lugar de publicación, distribución, etc. México
Nombre del editor, distribuidor, etc. Museo de Arte Moderno
Fecha de publicación, distribución, etc. 2011
300 ## - DESCRIPCIÓN FÍSICA
Extensión 200 p.
Otras características físicas ill
Dimensiones 26 x 20 cm
505 ## - NOTA DE CONTENIDO CON FORMATO
Título Presentación
Mención de responsabilidad Osvaldo Sánchez
Título No grupo. Un zangoloteo al corsé artístico
Mención de responsabilidad Sol Henaro
Título X Bienal de París
-- Presencia-ambiente de Gunther Gerzso
-- Montaje de momentos plásticos
-- Atentado al hijo pródigo
-- 1 er Coloquio Latinoamericano de Arte No Objetual y Arte Urbano
-- Agenda Colombia 83
-- Caliente! Caliente! (mano a mano con Carlos Zerpa)
-- Afiches/carteles e intervenciones editoriales
-- Objetos / documentos
-- No - grupo: una estrategia colaborativa del México de los sesenta
Mención de responsabilidad Diálogo entre María Bustamante y Sol Henaro
Título Apéndice 1: textos del No-grupo (selección)
-- Apéndice 2: Melquiades Herrera
-- Cartografía
-- Bibliografía, Hemerografía, Mesografía, Archivos sonoros y visuales y Acervos consultados
650 ## - PUNTO DE ACCESO ADICIONAL DE MATERIA--TÉRMINO DE MATERIA
Subdivisión general arte contemporáneo
-- arte - exhibiciones
-- México
-- No grupo
9 (RLIN) 6576
Holdings
Estatus retirado Estado de pérdida Fuente del sistema de clasificación o colocación Estado de daño No para préstamo Biblioteca de origen Biblioteca actual Ubicación en estantería Fecha de adquisición Total de préstamos Signatura topográfica completa Código de barras Visto por última vez Precio de reemplazo Tipo de ítem Koha
    Clasificación Decimal Dewey     Biblioteca LadoV Biblioteca LadoV   04/08/2018   708 H493n 004638 04/08/2018 04/08/2018 Material 01